Teatro integral con escenario de agua - luz - música
Descripción Física:
42 p. ; 22 cm
Materias:
Fonts de Montjuïc -- Projectes
MARC
| LEADER | 00000nam a2200000Ia 4500 | ||
|---|---|---|---|
| 001 | 9492 | ||
| 008 | 160829s9999 xx 000 0 cat d | ||
| 080 | |a FU-10-56 | ||
| 245 | |a Teatro integral con escenario de agua - luz - música | ||
| 260 | |a [Cerdanyola : |b Graf. Garrí, dl 1973] | ||
| 300 | |a 42 p. ; |c 22 cm | ||
| 590 | |a A la part superior de la portada: 'Uno de los hechos que respaldan el ...' | ||
| 650 | |a Fonts de Montjuïc |x Projectes |9 33406 | ||
| 901 | |a Arxiu | ||
| 942 | |n 1 | ||
| 952 | |0 0 |1 0 |4 0 |6 FU1056 |7 1 |9 46288 |a Arxiu |b Arxiu |d 2016-12-01 |l 0 |o FU-10-56 |p 9492 |r 2016-12-01 00:00:00 |w 2016-12-01 |y ARXIU | ||
| 999 | |c 49793 |d 49793 | ||